Fusilado dios. / (Record no. 53722)
[ view plain ]
| 000 -CABECERA | |
|---|---|
| campo de control de longitud fija | 00953nam a2200277 i 4500 |
| 003 - IDENTIFICADOR DEL NÚMERO DE CONTROL | |
| campo de control | DO-SdBNP |
| 005 - FECHA Y HORA DE LA ÚLTIMA TRANSACCIÓN | |
| campo de control | 20230605150447.0 |
| 006 - CÓDIGOS DE INFORMACIÓN DE LONGITUD FIJA--CARACTERÍSTICAS DEL MATERIAL ADICIONAL | |
| campo de control de longitud fija | a||||er|||| 00| 0 |
| 007 - CAMPO FIJO DE DESCRIPCIÓN FÍSICA--INFORMACIÓN GENERAL | |
| campo de control de longitud fija | ta |
| 008 - DATOS DE LONGITUD FIJA--INFORMACIÓN GENERAL | |
| campo de control de longitud fija | 230605e2022 pr ||||e |||| 00| pdspa d |
| 020 ## - NÚMERO INTERNACIONAL ESTÁNDAR DEL LIBRO | |
| Número Internacional Estándar del Libro | 9789945608915 |
| 040 ## - FUENTE DE LA CATALOGACIÓN | |
| Centro catalogador/agencia de origen | DO-SdBNP |
| Lengua de catalogación | spa |
| Centro/agencia transcriptor | BNPHU |
| Normas de descripción | rda |
| 082 #4 - NÚMERO DE LA CLASIFICACIÓN DECIMAL DEWEY | |
| Número de edición | 22 |
| Número de documento/Ítem | T693f |
| 100 1# - ENTRADA PRINCIPAL--NOMBRE DE PERSONA | |
| 9 (RLIN) | 7105 |
| Nombre de persona | Torres, Daniel, |
| Fechas asociadas al nombre | 1961- |
| 245 10 - MENCIÓN DE TÍTULO | |
| Título | Fusilado dios. / |
| Resto del título | Daniel Torres; prólogo, Raúl H. Lugo Rodríguez, Óscar Ortega Arango |
| 264 ## - PRODUCCIÓN, PUBLICACIÓN, DISTRIBUCIÓN, FABRICACIÓN Y COPYRIGHT | |
| Producción, publicación, distribución, fabricación y copyright | San Juan Puerto Rico : |
| Nombre del de productor, editor, distribuidor, fabricante | Isla Negra, |
| Fecha de producción, publicación, distribución, fabricación o copyright | 2022 |
| 300 ## - DESCRIPCIÓN FÍSICA | |
| Extensión | 73 páginas ; |
| Dimensiones | 21 cm |
| 490 ## - MENCIÓN DE SERIE | |
| Mención de serie | Filo de Juego |
| 500 ## - NOTA GENERAL | |
| Nota general | Incluye datos biográficos del autor en las solapas de las cubiertas |
| 500 ## - NOTA GENERAL | |
| Nota general | Edición vigésimo aniversario 2000-2020 |
| 586 ## - NOTA DE PREMIOS | |
| Nota de premios | Premiado por el PN de Puerto Rico |
| 590 ## - NOTA LOCAL (RLIN) | |
| Nota local | Inventariado 2023 / MF |
| 700 1# - PUNTO DE ACCESO ADICIONAL--NOMBRE DE PERSONA | |
| Nombre de persona | Lugo Rodríguez, Raúl H., |
| Término indicativo de función/relación | prólogo |
| 9 (RLIN) | 83507 |
| 700 1# - PUNTO DE ACCESO ADICIONAL--NOMBRE DE PERSONA | |
| Nombre de persona | Ortega Arango, Óscar, |
| Término indicativo de función/relación | prólogo |
| 9 (RLIN) | 83508 |
| 942 ## - ELEMENTOS DE PUNTO DE ACCESO ADICIONAL (KOHA) | |
| Fuente del sistema de clasificación o colocación | Dewey Decimal Classification |
| Tipo de ítem Koha | Libro |
| Estado de retiro | Estado de pérdida | Fuente del sistema de clasificación o colocación | Restricciones de uso | No para préstamo | Código de colección | Localización permanente | Ubicación/localización actual | Ubicación en estantería | Fecha de adquisición | Fuente de adquisición | Total de préstamos | Signatura topográfica completa | Código de barras | Fecha visto por última vez | Precio válido a partir de | Tipo de ítem Koha | Número de copia |
|---|---|---|---|---|---|---|---|---|---|---|---|---|---|---|---|---|---|
| Dewey Decimal Classification | Préstamo en sala | General | Biblioteca Nacional Pedro Henríquez Ureña | Biblioteca Nacional Pedro Henríquez Ureña | En catalogación | 07.10.2022 | Donado por Editora Búho | T693f | 2023-2221 | 05.06.2023 | 05.06.2023 | Libro | |||||
| Dewey Decimal Classification | Préstamo en sala | General | Biblioteca Nacional Pedro Henríquez Ureña | Biblioteca Nacional Pedro Henríquez Ureña | En catalogación | 07.10.2022 | Donado por Editora Búho | T693f | 2023-2222 | 05.06.2023 | 05.06.2023 | Libro | e.2 | ||||
| Dewey Decimal Classification | Préstamo en sala | General | Biblioteca Nacional Pedro Henríquez Ureña | Biblioteca Nacional Pedro Henríquez Ureña | En catalogación | 07.10.2022 | Donado por Editora Búho | T693f | 2023-2223 | 05.06.2023 | 05.06.2023 | Libro | e.3 |
